[Event "20. Open Ciutat de Montcada 2010"]
[Site "Montcada i Reixac ESP"]
[Date "2012.06.29"]
[Round "5.17"]
[White "Sanchez Ibern, Marc"]
[Black "Perez Mitjans, Orelvis"]
[Result "0-1"]
[WhiteElo "2359"]
[BlackElo "2471"]
[PlyCount "60"]
[EventDate "2012.06.25"]
[EventType "swiss"]
[EventRounds "9"]
[EventCountry "ESP"]
[Source "lmi"]
[SourceDate "2012.06.25"]

1. e4 e6 2. d4 d5 3. Nc3 Bb4 4. e5 Ne7 5. Bd2 O-O 6. f4 c5 7. Nb5 Nf5 8. c3 Ba5
9. Nf3 a6 10. Na3 cxd4 11. cxd4 Nc6 12. Nc2 f6 13. Bxa5 Qxa5+ 14. Qd2 Qb6 15.
O-O-O fxe5 16. dxe5 Bd7 17. g4 Nfe7 18. Bd3 h6 19. g5 h5 20. g6 Qa5 21. Qg2 Qa4
22. Kb1 Qxf4 23. Rdf1 Nxe5 24. Nxe5 Qxe5 25. Rf7 Rxf7 26. gxf7+ Kxf7 27. Re1
Qd6 28. Bh7 g6 29. Qg5 Kg7 30. Nd4 Rf8 0-1

[Event "20. Open Ciutat de Montcada 2010"]
[Site "Montcada i Reixac ESP"]
[Date "2012.06.29"]
[Round "5.19"]
[White "Arribas Robaina, Maritza"]
[Black "Escobar Forero, Alder"]
[Result "0-1"]
[WhiteElo "2312"]
[BlackElo "2448"]
[PlyCount "89"]
[EventDate "2012.06.25"]
[EventType "swiss"]
[EventRounds "9"]
[EventCountry "ESP"]
[Source "lmi"]
[SourceDate "2012.06.25"]

1. d4 d5 2. Nf3 Nf6 3. e3 c5 4. dxc5 Qa5+ 5. Nbd2 Nc6 6. Be2 g6 7. O-O Qxc5 8.
Nb3 Qd6 9. c4 Bg7 10. cxd5 Qxd5 11. Nfd4 Nxd4 12. Nxd4 O-O 13. Nb5 Bf5 14. f3
a6 15. Qxd5 Nxd5 16. Na3 Be6 17. Nc2 Rfd8 18. Rd1 Rac8 19. Nd4 Bd7 20. Bd2 Be8
21. Rac1 Nf4 22. Rxc8 Nxe2+ 23. Nxe2 Rxc8 24. Bc3 f6 25. Kf2 Kf7 26. Nf4 Bf8
27. Rd2 Rc4 28. Ne2 Rc8 29. Nf4 Bb5 30. Ne2 Ke8 31. Bb4 b6 32. Nd4 Bd7 33. Ne2
a5 34. Bc3 Bb5 35. Nf4 Bc4 36. Nd5 Rc6 37. a3 Kf7 38. e4 Bh6 39. Rd4 e5 40. Rd1
Bb3 41. Re1 Bxd5 42. exd5 Rc5 43. Rd1 Ke8 44. g3 Kd7 45. Rd3 0-1

[Event "20. Open Ciutat de Montcada 2010"]
[Site "Montcada i Reixac ESP"]
[Date "2012.06.29"]
[Round "5.20"]
[White "Valencia Jimenez, Jose"]
[Black "Cruz, Filemon"]
[Result "0-1"]
[WhiteElo "2067"]
[BlackElo "2404"]
[PlyCount "46"]
[EventDate "2012.06.25"]
[EventType "swiss"]
[EventRounds "9"]
[EventCountry "ESP"]
[Source "lmi"]
[SourceDate "2012.06.25"]

1. e4 c5 2. Nf3 e6 3. d4 cxd4 4. Nxd4 a6 5. c4 Nf6 6. Nc3 Qc7 7. Bd3 Bd6 8. Qf3
Be7 9. Be3 Nc6 10. Nxc6 dxc6 11. Rc1 c5 12. Qh3 h5 13. g3 Ng4 14. Bd2 Bd6 15.
O-O Bd7 16. Be2 Ne5 17. Rcd1 O-O-O 18. a3 Rdg8 19. b4 g5 20. b5 g4 21. Qg2 h4
22. Rb1 hxg3 23. hxg3 Nf3+ 0-1

[Event "20. Open Ciutat de Montcada 2010"]
[Site "Montcada i Reixac ESP"]
[Date "2012.06.30"]
[Round "6.1"]
[White "Quesada Perez, Yuniesky"]
[Black "Peralta, Fernando"]
[Result "1/2-1/2"]
[WhiteElo "2625"]
[BlackElo "2590"]
[PlyCount "38"]
[EventDate "2012.06.25"]
[EventType "swiss"]
[EventRounds "9"]
[EventCountry "ESP"]
[Source "lmi"]
[SourceDate "2012.06.25"]

1. e4 d6 2. d4 Nf6 3. Nc3 g6 4. Be3 c6 5. Qd2 Nbd7 6. Nf3 Qc7 7. Bd3 e5 8. dxe5
dxe5 9. O-O Bg7 10. h3 O-O 11. a4 Rd8 12. Bh6 Nc5 13. Bxg7 Kxg7 14. Qe3 Ne6 15.
Ne2 c5 16. c3 c4 17. Bc2 Nc5 18. Rfd1 Be6 19. Qg5 Nfxe4 1/2-1/2

[Event "20. Open Ciutat de Montcada 2010"]
[Site "Montcada i Reixac ESP"]
[Date "2012.06.30"]
[Round "6.3"]
[White "Margvelashvili, Giorgi"]
[Black "Lorenzo De La Riva, Lazaro"]
[Result "1/2-1/2"]
[WhiteElo "2552"]
[BlackElo "2422"]
[PlyCount "40"]
[EventDate "2012.06.25"]
[EventType "swiss"]
[EventRounds "9"]
[EventCountry "ESP"]
[Source "lmi"]
[SourceDate "2012.06.25"]

1. d4 Nf6 2. c4 c5 3. d5 b5 4. cxb5 a6 5. bxa6 g6 6. Nc3 Bxa6 7. g3 d6 8. Bg2
Bg7 9. Nf3 Nbd7 10. Rb1 O-O 11. O-O Qa5 12. Bd2 Rfb8 13. Qc2 Qc7 14. b3 Nb6 15.
Nh4 Qb7 16. b4 cxb4 17. Rxb4 Qc7 18. Rc1 Nc4 19. Rxb8+ Rxb8 20. Be1 Bc8 1/2-1/2

[Event "20. Open Ciutat de Montcada 2010"]
[Site "Montcada i Reixac ESP"]
[Date "2012.06.30"]
[Round "6.4"]
[White "Cuartas, Jaime Alexander"]
[Black "Alarcon Casellas, Rolando"]
[Result "0-1"]
[WhiteElo "2523"]
[BlackElo "2417"]
[PlyCount "94"]
[EventDate "2012.06.25"]
[EventType "swiss"]
[EventRounds "9"]
[EventCountry "ESP"]
[Source "lmi"]
[SourceDate "2012.06.25"]

1. e4 e6 2. d4 d5 3. Nc3 Bb4 4. e5 c5 5. a3 cxd4 6. axb4 dxc3 7. bxc3 Qc7 8.
Nf3 Ne7 9. Bd3 Nd7 10. O-O Nxe5 11. Bf4 Nxf3+ 12. Qxf3 e5 13. Bg3 f6 14. Qh5+
g6 15. Qh6 Kf7 16. Ra3 Bf5 17. Qd2 Bxd3 18. cxd3 Qb6 19. Kh1 a6 20. f4 e4 21.
Bf2 Qb5 22. c4 dxc4 23. dxe4 Rad8 24. Qe1 Nc6 25. Bc5 a5 26. f5 g5 27. Qg3 axb4
28. Qc7+ Ke8 29. e5 Qxc5 30. exf6 Qe5 31. Qg7 Rf8 32. Raa1 Qxf6 33. Rfe1+ Ne7
34. Qxh7 Kd7 35. Qh5 Nc6 36. Qg4 Qxf5 37. Qxc4 Kc7 38. Rec1 Qd5 39. Qg4 Rf4 40.
Qg3 Rd6 41. h3 Qe5 42. Qh2 b3 43. Rab1 Rd3 44. Qg1 Qd5 45. Kh2 Rd2 46. Rc3 Rff2
47. Rg3 b2 0-1

[Event "20. Open Ciutat de Montcada 2010"]
[Site "Montcada i Reixac ESP"]
[Date "2012.06.30"]
[Round "6.5"]
[White "Saptarshi, Roy"]
[Black "Lopez Martinez, Josep Manuel"]
[Result "1/2-1/2"]
[WhiteElo "2394"]
[BlackElo "2506"]
[PlyCount "91"]
[EventDate "2012.06.25"]
[EventType "swiss"]
[EventRounds "9"]
[EventCountry "ESP"]
[Source "lmi"]
[SourceDate "2012.06.25"]

1. e4 c5 2. Nf3 e6 3. d4 cxd4 4. Nxd4 a6 5. c4 Nf6 6. Nc3 Bb4 7. Bd3 Qc7 8.
Nde2 O-O 9. O-O Bc5 10. Bf4 d6 11. a3 Nbd7 12. b4 Ba7 13. Rc1 Nh5 14. Bg5 Ne5
15. Nf4 f6 16. Bh6 Nxf4 17. Bxf4 Ng6 18. Bg3 e5 19. Nd5 Qd8 20. c5 Kh8 21. Qb3
Be6 22. Rfd1 Rc8 23. Bc4 dxc5 24. b5 axb5 25. Qxb5 Bxd5 26. Rxd5 Qb6 27. Qxb6
Bxb6 28. Rb1 Rc6 29. Rd7 Rb8 30. Rb5 Rc7 31. Rd6 Ba7 32. Ra5 b6 33. Rb5 Re8 34.
Rb3 Ne7 35. Rbd3 h6 36. Kf1 Kh7 37. Rd7 Bb8 38. Rxc7 Bxc7 39. Rd7 Bd8 40. Bb5
Ng6 41. h4 h5 42. f3 Be7 43. Rb7 Rd8 44. Rxb6 c4 45. Bxc4 Bxa3 46. Bd5 1/2-1/2

[Event "20. Open Ciutat de Montcada 2010"]
[Site "Montcada i Reixac ESP"]
[Date "2012.06.30"]
[Round "6.6"]
[White "Cordova, Emilio"]
[Black "Cori T, Deysi"]
[Result "0-1"]
[WhiteElo "2566"]
[BlackElo "2386"]
[PlyCount "94"]
[EventDate "2012.06.25"]
[EventType "swiss"]
[EventRounds "9"]
[EventCountry "ESP"]
[Source "lmi"]
[SourceDate "2012.06.25"]

1. Nf3 Nf6 2. d4 e6 3. c4 b6 4. g3 Bb7 5. Bg2 Bb4+ 6. Bd2 Bxd2+ 7. Qxd2 O-O 8.
Nc3 Ne4 9. Qc2 Nxc3 10. Ng5 Ne4 11. Bxe4 Bxe4 12. Qxe4 Qxg5 13. Qxa8 Nc6 14.
Qb7 Nxd4 15. Rd1 Qa5+ 16. Kf1 Qe5 17. Kg2 d5 18. Rhe1 Nc2 19. cxd5 Nxe1+ 20.
Rxe1 Qxd5+ 21. Qxd5 exd5 22. e4 d4 23. b4 c5 24. bxc5 bxc5 25. Rc1 Rc8 26. Rc4
f6 27. Kf3 Kf7 28. Ke2 g5 29. f4 gxf4 30. gxf4 f5 31. Kd3 fxe4+ 32. Kxe4 Kf6
33. Rc1 h5 34. a4 a5 35. Rg1 Re8+ 36. Kd5 d3 37. Kxc5 d2 38. Rd1 Re2 39. Kd4
Kf5 40. h4 Kxf4 41. Kd3 Rh2 42. Rxd2 Rxh4 43. Rb2 Rg4 44. Rb7 Kf3 45. Rb5 h4
46. Kc2 h3 47. Rb3+ Kg2 0-1

[Event "20. Open Ciutat de Montcada 2010"]
[Site "Montcada i Reixac ESP"]
[Date "2012.06.30"]
[Round "6.8"]
[White "Gonzalez Perez, Arian"]
[Black "Del Rio De Angelis, Salvador G"]
[Result "0-1"]
[WhiteElo "2453"]
[BlackElo "2542"]
[PlyCount "74"]
[EventDate "2012.06.25"]
[EventType "swiss"]
[EventRounds "9"]
[EventCountry "ESP"]
[Source "lmi"]
[SourceDate "2012.06.25"]

1. e4 d6 2. d4 Nf6 3. Nc3 g6 4. Bg5 Bg7 5. f4 O-O 6. Qd2 c6 7. Nf3 d5 8. Bxf6
exf6 9. exd5 cxd5 10. Bd3 Bg4 11. O-O Bxf3 12. Rxf3 f5 13. Bb5 a6 14. Ba4 b5
15. Bb3 Nc6 16. Rd3 Rc8 17. a4 Na5 18. axb5 Nc4 19. Qf2 Nxb2 20. Rh3 axb5 21.
Rb1 b4 22. Rxb2 bxc3 23. Rb1 Re8 24. Rd1 Re4 25. Rhd3 Qd6 26. g3 h5 27. Qf3 h4
28. Kg2 Qc6 29. Rb1 Bxd4 30. Rbd1 Qc5 31. gxh4 Rce8 32. h5 Kg7 33. hxg6 fxg6
34. Kh1 Re1+ 35. Rxe1 Rxe1+ 36. Kg2 Rg1+ 37. Kh3 Qf8 0-1

[Event "20. Open Ciutat de Montcada 2010"]
[Site "Montcada i Reixac ESP"]
[Date "2012.06.30"]
[Round "6.9"]
[White "Escobar Forero, Alder"]
[Black "Ibarra Jerez, Jose Carlos"]
[Result "1/2-1/2"]
[WhiteElo "2448"]
[BlackElo "2523"]
[PlyCount "28"]
[EventDate "2012.06.25"]
[EventType "swiss"]
[EventRounds "9"]
[EventCountry "ESP"]
[Source "lmi"]
[SourceDate "2012.06.25"]

1. e4 c5 2. Nf3 e6 3. d4 cxd4 4. Nxd4 a6 5. c4 Nf6 6. Nc3 Qc7 7. a3 Nxe4 8.
Nxe4 Qe5 9. Be2 Qxe4 10. O-O Nc6 11. Nf3 Be7 12. Re1 Qg6 13. b4 d6 14. b5 axb5
1/2-1/2

[Event "20. Open Ciutat de Montcada 2010"]
[Site "Montcada i Reixac ESP"]
[Date "2012.06.30"]
[Round "6.10"]
[White "Palit, Somak"]
[Black "Herraiz Hidalgo, Herminio"]
[Result "1/2-1/2"]
[WhiteElo "2393"]
[BlackElo "2489"]
[PlyCount "83"]
[EventDate "2012.06.25"]
[EventType "swiss"]
[EventRounds "9"]
[EventCountry "ESP"]
[Source "lmi"]
[SourceDate "2012.06.25"]

1. e4 c5 2. Nf3 Nc6 3. Bc4 g6 4. c3 Nf6 5. e5 d5 6. Bb5 Nd7 7. d4 Bg7 8. O-O
O-O 9. Qe2 cxd4 10. cxd4 Nb6 11. Be3 f6 12. h3 fxe5 13. Nxe5 Nxe5 14. dxe5 a6
15. Bd3 d4 16. Rd1 Qd5 17. Na3 Be6 18. Bg5 Rae8 19. Rac1 Bf5 20. f4 h6 21. Bh4
Bxd3 22. Qxd3 Rxf4 23. Qxg6 Qf7 24. Qxb6 Rxh4 25. Rxd4 Rxd4 26. Qxd4 Qxa2 27.
Qd7 Rf8 28. Qxb7 Qe6 29. Nc4 Bxe5 30. Nxe5 Qxe5 31. Rc3 Rf6 32. Qb3+ Qe6 33.
Rg3+ Kf7 34. Qd3 Qe5 35. Qb3+ Qe6 36. Qc2 Qe1+ 37. Kh2 Qe5 38. Qb3+ Ke8 39.
Qg8+ Kd7 40. Qg4+ Kc7 41. Qg7 Kd7 42. Qg4+ 1/2-1/2

[Event "20. Open Ciutat de Montcada 2010"]
[Site "Montcada i Reixac ESP"]
[Date "2012.06.30"]
[Round "6.11"]
[White "Pardo Simon, David"]
[Black "Bakre, Tejas"]
[Result "1/2-1/2"]
[WhiteElo "2421"]
[BlackElo "2482"]
[PlyCount "47"]
[EventDate "2012.06.25"]
[EventType "swiss"]
[EventRounds "9"]
[EventCountry "ESP"]
[Source "lmi"]
[SourceDate "2012.06.25"]

1. e4 c6 2. Nc3 d5 3. d4 dxe4 4. Nxe4 Bf5 5. Ng3 Bg6 6. h4 h6 7. Nh3 Nf6 8. Nf4
Bh7 9. c3 Nbd7 10. Bd3 Bxd3 11. Nxd3 e6 12. Qe2 Be7 13. Bd2 Qa5 14. h5 O-O 15.
Ne5 Rad8 16. b4 Qd5 17. f4 a5 18. a3 Nxe5 19. fxe5 Nh7 20. O-O Bg5 21. Ne4 Bxd2
22. Nxd2 Ng5 23. Nf3 Qe4 24. Rae1 1/2-1/2

[Event "20. Open Ciutat de Montcada 2010"]
[Site "Montcada i Reixac ESP"]
[Date "2012.06.30"]
[Round "6.12"]
[White "Navarro Ortiz De Orruno, Borja"]
[Black "Perez Mitjans, Orelvis"]
[Result "0-1"]
[WhiteElo "2348"]
[BlackElo "2471"]
[PlyCount "101"]
[EventDate "2012.06.25"]
[EventType "swiss"]
[EventRounds "9"]
[EventCountry "ESP"]
[Source "lmi"]
[SourceDate "2012.06.25"]

1. d4 Nf6 2. Nf3 g6 3. g3 Bg7 4. Bg2 O-O 5. c4 d6 6. O-O Nc6 7. Nc3 Bf5 8. Nh4
Bd7 9. Rb1 e5 10. dxe5 dxe5 11. Nd5 Ne8 12. b3 f5 13. Ba3 Rf7 14. Nf3 g5 15.
Nb4 Nxb4 16. Bxb4 g4 17. Ne1 c6 18. Bc3 f4 19. f3 Qe7 20. Nd3 Rd8 21. Qe1 gxf3
22. Bxf3 e4 23. Bh5 exd3 24. Bxf7+ Qxf7 25. Rxf4 Qe7 26. Bxg7 d2 27. Qxd2 Bf5
28. Qc3 Nxg7 29. Re1 c5 30. e4 Bg6 31. Qf6 Qd7 32. Rff1 Ne6 33. Qe5 Qd4+ 34.
Qxd4 cxd4 35. b4 d3 36. Kf2 Nd4 37. e5 Nc2 38. Rc1 Rf8+ 39. Kg1 Rxf1+ 40. Kxf1
d2 41. Rd1 Ne3+ 42. Ke2 Nxc4 43. Rxd2 Nxd2 44. Kxd2 Kf7 45. Ke3 Ke6 46. Kf4 b5
47. g4 Bb1 48. a3 h6 49. h4 Bc2 50. g5 hxg5+ 51. hxg5 0-1

[Event "20. Open Ciutat de Montcada 2010"]
[Site "Montcada i Reixac ESP"]
[Date "2012.06.30"]
[Round "6.13"]
[White "Cruz, Cristhian"]
[Black "Ratsma, Midas"]
[Result "1-0"]
[WhiteElo "2507"]
[BlackElo "1940"]
[PlyCount "49"]
[EventDate "2012.06.25"]
[EventType "swiss"]
[EventRounds "9"]
[EventCountry "ESP"]
[Source "lmi"]
[SourceDate "2012.06.25"]

1. d4 Nf6 2. c4 c5 3. d5 b5 4. f3 g6 5. e4 d6 6. cxb5 a6 7. Nc3 Bg7 8. bxa6
Bxa6 9. Bxa6 Nxa6 10. Nge2 O-O 11. O-O Qb6 12. Kh1 c4 13. Nf4 Nc5 14. Qe2 Na4
15. Nxa4 Rxa4 16. Be3 Qa6 17. a3 Nd7 18. Rab1 Rb8 19. Qc2 Rb3 20. Bg1 Qb5 21.
Ne2 Rd3 22. Nc1 Ne5 23. f4 Ng4 24. Nxd3 cxd3 25. Qc8+ 1-0

[Event "20. Open Ciutat de Montcada 2010"]
[Site "Montcada i Reixac ESP"]
[Date "2012.06.30"]
[Round "6.14"]
[White "Aroshidze, Levan"]
[Black "Vojinovic, Jovana"]
[Result "1/2-1/2"]
[WhiteElo "2582"]
[BlackElo "2375"]
[PlyCount "57"]
[EventDate "2012.06.25"]
[EventType "swiss"]
[EventRounds "9"]
[EventCountry "ESP"]
[Source "lmi"]
[SourceDate "2012.06.25"]

1. e4 e6 2. d4 d5 3. Nc3 Nf6 4. e5 Nfd7 5. f4 c5 6. Nf3 Nc6 7. Be3 Be7 8. Qd2
O-O 9. dxc5 Bxc5 10. O-O-O Qa5 11. Bxc5 Nxc5 12. Kb1 Rd8 13. Nd4 Bd7 14. h4 Be8
15. Qe3 Nxd4 16. Rxd4 Ne4 17. Nxe4 dxe4 18. Be2 Rxd4 19. Qxd4 Rd8 20. Qe3 h6
21. g3 Bc6 22. b3 Qd2 23. Qxd2 Rxd2 24. Re1 g5 25. Kc1 e3 26. hxg5 hxg5 27. Bd3
gxf4 28. gxf4 Rf2 29. Rxe3 1/2-1/2

[Event "20. Open Ciutat de Montcada 2010"]
[Site "Montcada i Reixac ESP"]
[Date "2012.06.30"]
[Round "6.15"]
[White "Libiszewski, Fabien"]
[Black "Vehi Bach, Victor Manuel"]
[Result "1-0"]
[WhiteElo "2495"]
[BlackElo "2359"]
[PlyCount "107"]
[EventDate "2012.06.25"]
[EventType "swiss"]
[EventRounds "9"]
[EventCountry "ESP"]
[Source "lmi"]
[SourceDate "2012.06.25"]

1. c4 c5 2. g3 g6 3. Bg2 Bg7 4. Nc3 Nc6 5. Nf3 Nh6 6. h4 d6 7. d3 Nf5 8. h5
Nfd4 9. Nd2 Bg4 10. f3 Bd7 11. e3 Nf5 12. Nde4 Nh6 13. Bd2 f5 14. Nf2 e6 15.
hxg6 hxg6 16. Rb1 Ke7 17. a3 Nf7 18. Ke2 Rxh1 19. Qxh1 Qh8 20. Qxh8 Rxh8 21. b4
b6 22. f4 Nfd8 23. Bf3 Kf7 24. Kf1 Ne7 25. Kg2 Bc6 26. Nb5 Bxf3+ 27. Kxf3 Nc8
28. bxc5 dxc5 29. g4 Nc6 30. Bc3 Bxc3 31. Nxc3 Nd6 32. Kg3 Kf6 33. g5+ Kf7 34.
Nh3 Rd8 35. Rh1 Rh8 36. Rd1 Rd8 37. Ng1 e5 38. Nf3 exf4+ 39. Kxf4 Re8 40. Nd5
Rh8 41. Kg3 Ke6 42. Ra1 Ne7 43. Nf4+ Kf7 44. Ne5+ Kg7 45. a4 Nb7 46. Ne6+ Kg8
47. Rd1 Na5 48. d4 cxd4 49. exd4 Nac6 50. Nd7 Kf7 51. d5 Na5 52. Ne5+ Ke8 53.
d6 Nac6 54. Nc7+ 1-0

[Event "20. Open Ciutat de Montcada 2010"]
[Site "Montcada i Reixac ESP"]
[Date "2012.06.30"]
[Round "6.16"]
[White "Munoz Pantoja, Miguel"]
[Black "Fenollar Jorda, Manuel"]
[Result "1-0"]
[WhiteElo "2484"]
[BlackElo "2354"]
[PlyCount "87"]
[EventDate "2012.06.25"]
[EventType "swiss"]
[EventRounds "9"]
[EventCountry "ESP"]
[Source "lmi"]
[SourceDate "2012.06.25"]

1. e4 e6 2. d4 d5 3. Nd2 Nf6 4. e5 Nfd7 5. Bd3 c5 6. c3 Nc6 7. Ne2 cxd4 8. cxd4
f6 9. exf6 Nxf6 10. O-O Bd6 11. f4 O-O 12. Nf3 Qb6 13. Kh1 Bd7 14. Nc3 Rad8 15.
Ne5 Be8 16. Na4 Qc7 17. Be3 Ne4 18. Qg4 Qe7 19. Nc3 Bc7 20. Rad1 Bb6 21. Bb1
Rf5 22. Nxd5 Rxd5 23. Bxe4 Bh5 24. Qh3 Bxd1 25. Bxd5 Bc2 26. Bxc6 bxc6 27. Qf3
c5 28. dxc5 Bxc5 29. Rc1 Bxe3 30. Qxe3 Ba4 31. b3 Be8 32. Rc8 Rf8 33. h3 Bg6
34. Rc6 Bf5 35. Kh2 h6 36. Rc4 Qb7 37. Nc6 a6 38. Qe5 Re8 39. Nd4 Qf7 40. Rc7
Qg6 41. Nxf5 exf5 42. Rxg7+ Qxg7 43. Qxe8+ Kh7 44. Qe6 1-0

[Event "20. Open Ciutat de Montcada 2010"]
[Site "Montcada i Reixac ESP"]
[Date "2012.06.30"]
[Round "6.17"]
[White "Cori, Jorge"]
[Black "Barbero Sendic, Alejandro"]
[Result "1/2-1/2"]
[WhiteElo "2479"]
[BlackElo "2350"]
[PlyCount "183"]
[EventDate "2012.06.25"]
[EventType "swiss"]
[EventRounds "9"]
[EventCountry "ESP"]
[Source "lmi"]
[SourceDate "2012.06.25"]

1. d4 Nf6 2. Nf3 g6 3. c4 Bg7 4. g3 d5 5. cxd5 Nxd5 6. Bg2 Nb6 7. Nc3 Nc6 8. e3
O-O 9. O-O Re8 10. Re1 a5 11. Qe2 Be6 12. Nd2 Nb4 13. Rd1 N4d5 14. Nce4 Bf5 15.
Nc5 e5 16. e4 exd4 17. Qf1 Qe7 18. exf5 Qxc5 19. Nb3 Qb4 20. Bd2 Qa4 21. fxg6
hxg6 22. Rdc1 Qd7 23. Bxa5 d3 24. Bxb6 Nxb6 25. Nc5 Qf5 26. Nxd3 c6 27. Rc5 Qd7
28. Rc2 Na4 29. Rd1 Red8 30. Qe2 Qf5 31. Bf1 Qd5 32. Ra1 Nb6 33. Nc5 Ra7 34.
Bg2 Qd4 35. Re1 Qf6 36. b3 Nd5 37. Bxd5 Rxd5 38. Qe8+ Kh7 39. h4 Qf3 40. Qe4
Qf6 41. Qe2 Qf5 42. Ne4 Bd4 43. Kg2 Kg7 44. Qf3 Qd7 45. Ng5 Rf5 46. Qd3 Ra8 47.
Re4 c5 48. Nf3 Rd5 49. Qe2 Bf6 50. Nh2 Rd8 51. Nf3 b6 52. Rf4 Re8 53. Re4 Rd8
54. b4 Qb7 55. bxc5 Rxc5 56. Rec4 Rxc4 57. Qxc4 Rd1 58. Qc6 Qa6 59. Nh2 Ra1 60.
Qd5 Qa5 61. Qxa5 bxa5 62. Ng4 Bd4 63. Rd2 Bc3 64. Rc2 Bb4 65. Kf3 a4 66. Rc4
Rb1 67. a3 Bxa3 68. Rxa4 Bc5 69. Rc4 Rb3+ 70. Kg2 Bb6 71. Ne5 Rb2 72. Rf4 f6
73. Nc4 Rb4 74. g4 Bc5 75. h5 gxh5 76. gxh5 Be7 77. Re4 Bc5 78. Nd2 Rb2 79.
Rg4+ Kh6 80. Ne4 Bxf2 81. Nxf2 Kxh5 82. Rg8 Rb5 83. Ne4 f5 84. Nf6+ Kh6 85. Kf3
Rb6 86. Nd5 Rg6 87. Rd8 Kg5 88. Nf4 Rh6 89. Kg3 Rh1 90. Rg8+ Kf6 91. Rf8+ Ke5
92. Re8+ 1/2-1/2

[Event "20. Open Ciutat de Montcada 2010"]
[Site "Montcada i Reixac ESP"]
[Date "2012.06.30"]
[Round "6.18"]
[White "Vigoa Apecheche, Yanira"]
[Black "Panelo, Marcelo"]
[Result "0-1"]
[WhiteElo "2279"]
[BlackElo "2451"]
[PlyCount "100"]
[EventDate "2012.06.25"]
[EventType "swiss"]
[EventRounds "9"]
[EventCountry "ESP"]
[Source "lmi"]
[SourceDate "2012.06.25"]

1. d4 Nf6 2. Nf3 c5 3. e3 e6 4. Bd3 b6 5. O-O Bb7 6. Nbd2 Be7 7. b3 Nc6 8. a3
O-O 9. Bb2 Rc8 10. Qe2 d5 11. c4 cxd4 12. exd4 Re8 13. h3 Bf8 14. Qe3 g6 15.
Rfd1 Bg7 16. Ne5 Ne7 17. Ndf3 Nf5 18. Qe1 Nd6 19. Nh2 Nh5 20. c5 bxc5 21. dxc5
Rxc5 22. Bd4 Rc8 23. Bxa7 Nf4 24. Bf1 Ne4 25. Bd4 Qg5 26. Kh1 Rc2 27. Nhf3 Qh5
28. Rdc1 Rxc1 29. Rxc1 f6 30. Ng4 e5 31. Be3 Qf5 32. Bxf4 Qxf4 33. Rc7 Bc8 34.
Ngh2 Be6 35. b4 d4 36. Bb5 Rd8 37. Bc6 Nxf2+ 38. Qxf2 e4 39. Bxe4 Qxc7 40. Bd3
Qc1+ 41. Qg1 Qxa3 42. Qe1 Bf7 43. Qd2 Qc3 44. b5 f5 45. Nf1 Re8 46. b6 Qxd2 47.
N1xd2 Rb8 48. Nc4 Bf6 49. Kg1 Bxc4 50. Bxc4+ Kf8 0-1

[Event "20. Open Ciutat de Montcada 2010"]
[Site "Montcada i Reixac ESP"]
[Date "2012.06.30"]
[Round "6.19"]
[White "Guerra Mendez, Jose Angel"]
[Black "Shatko, Danil"]
[Result "1-0"]
[WhiteElo "2434"]
[BlackElo "2144"]
[PlyCount "83"]
[EventDate "2012.06.25"]
[EventType "swiss"]
[EventRounds "9"]
[EventCountry "ESP"]
[Source "lmi"]
[SourceDate "2012.06.25"]

1. e4 e6 2. d4 d5 3. Nc3 Nf6 4. e5 Nfd7 5. f4 c5 6. Nf3 Nc6 7. Be3 a6 8. Qd2 b5
9. dxc5 Bxc5 10. Ne2 Qb6 11. Bxc5 Nxc5 12. Ned4 Ne4 13. Qe3 Bb7 14. Bd3 O-O-O
15. c3 f6 16. O-O Rhf8 17. Rae1 Nxd4 18. Nxd4 Rde8 19. Kh1 g5 20. Bxe4 dxe4 21.
exf6 Rxf6 22. fxg5 Rxf1+ 23. Rxf1 e5 24. Nf5 Qxe3 25. Nxe3 Rd8 26. h4 Rd3 27.
Re1 Kd7 28. Re2 Ke6 29. Kg1 a5 30. Kf2 a4 31. a3 Rd8 32. g4 Rd3 33. h5 Bc6 34.
Kg3 Bd5 35. Kh4 Bc6 36. g6 hxg6 37. h6 Kf7 38. Kg5 Rd6 39. Rf2+ Kg8 40. Rf6
Rxf6 41. Kxf6 Kh7 42. g5 1-0

[Event "20. Open Ciutat de Montcada 2010"]
[Site "Montcada i Reixac ESP"]
[Date "2012.06.30"]
[Round "6.20"]
[White "Cruz, Filemon"]
[Black "Daulyte, Deimante"]
[Result "1-0"]
[WhiteElo "2404"]
[BlackElo "2244"]
[PlyCount "199"]
[EventDate "2012.06.25"]
[EventType "swiss"]
[EventRounds "9"]
[EventCountry "ESP"]
[Source "lmi"]
[SourceDate "2012.06.25"]

1. c4 Nf6 2. Nc3 g6 3. e4 d6 4. d4 Bg7 5. Be2 O-O 6. Bg5 Na6 7. Qd2 e5 8. d5
Qe8 9. h4 Nc5 10. Qc2 h6 11. Be3 a5 12. h5 g5 13. f3 Bd7 14. g4 Qe7 15. Nh3 b6
16. Nf2 Rfb8 17. O-O Qe8 18. Nh1 Qc8 19. Ng3 Qe8 20. b3 Rb7 21. Nb5 Bf8 22.
Rfd1 Bg7 23. Rab1 Bf8 24. Bf2 Bg7 25. Rd2 Bf8 26. Kg2 Bg7 27. Nc3 Rba7 28. Nd1
Rb7 29. Ne3 Rba7 30. Nef5 Bf8 31. Rdd1 Rb7 32. Be3 Nh7 33. a3 Rba7 34. Qc3 Ra6
35. Rd2 R6a7 36. Rdb2 Qc8 37. Qd2 Be8 38. Bf2 Nd7 39. Ne3 Nc5 40. b4 axb4 41.
axb4 Nd7 42. Ngf5 Ra1 43. Rxa1 Rxa1 44. Ra2 Rxa2 45. Qxa2 Qb7 46. Nd1 Nhf6 47.
Nc3 Nb8 48. Be3 Bd7 49. Ng3 Kh7 50. Nd1 Kg8 51. Nf2 Be8 52. Nd3 Nfd7 53. Nf5
Kh7 54. Bd1 Nf6 55. Be2 Bd7 56. Ng3 Be8 57. c5 bxc5 58. bxc5 Bb5 59. c6 Qa6 60.
Qxa6 Nxa6 61. Kf2 Bxd3 62. Bxd3 Nc5 63. Bc2 Ne8 64. Ke2 Ng7 65. Bd2 Be7 66. Ba5
Bd8 67. Kd2 Kg8 68. Kc3 Kf8 69. Kc4 Ke8 70. Ne2 Kf8 71. Nc3 Ne8 72. Nb5 Na6 73.
Bd3 Bf6 74. Bd2 Ke7 75. Nc3 Nc5 76. Be2 Kd8 77. Na2 Na6 78. Be3 Kc8 79. Nc1 Be7
80. Nd3 f6 81. Kb5 Nb8 82. Ka5 Ng7 83. Nb4 Ne8 84. Nc2 Ng7 85. Na3 Ne8 86. Nb5
Bf8 87. Na7+ Kd8 88. Ba6 Nxa6 89. Kxa6 f5 90. gxf5 Nf6 91. Kb7 g4 92. fxg4 Nxe4
93. Bb6 Nc5+ 94. Bxc5 dxc5 95. Nb5 e4 96. d6 Bxd6 97. Nxd6 e3 98. Nf7+ Ke7 99.
Ne5 c4 100. Nf3 1-0

[Event "20. Open Ciutat de Montcada 2010"]
[Site "Montcada i Reixac ESP"]
[Date "2012.07.01"]
[Round "7.2"]
[White "Burmakin, Vladimir"]
[Black "Cori T, Deysi"]
[Result "1-0"]
[WhiteElo "2586"]
[BlackElo "2386"]
[PlyCount "83"]
[EventDate "2012.06.25"]
[EventType "swiss"]
[EventRounds "9"]
[EventCountry "ESP"]
[Source "lmi"]
[SourceDate "2012.06.25"]

1. Nf3 Nf6 2. g3 e6 3. Bg2 d5 4. c4 c5 5. cxd5 exd5 6. d4 Nc6 7. O-O Be7 8. Nc3
O-O 9. b3 Ne4 10. Bb2 Bf6 11. Na4 b5 12. Nxc5 Nxc5 13. Rc1 Nxb3 14. Qxb3 Na5
15. Qxb5 Nc4 16. Ba1 Bg4 17. Ne5 Bxe2 18. Rfe1 Nxe5 19. Rxe2 Rb8 20. Qxd5 Nd3
21. Rd1 Qb6 22. Qf5 Nb4 23. a3 Qa6 24. Red2 Rb5 25. Qf3 Ra5 26. Bb2 Nd5 27. Rc2
Rd8 28. Bf1 Qb6 29. Bc4 h6 30. h4 Qd6 31. Bd3 Nb6 32. Rc5 Ra4 33. Rc6 Qd5 34.
Be4 Qb5 35. Rxf6 gxf6 36. Qxf6 Qxb2 37. Qxd8+ Kg7 38. Qc7 Qxa3 39. Qe5+ Kg8 40.
Qf5 Qd6 41. Bc2 Rxd4 42. Qh7+ 1-0